| 000 | 00599nam a2200181Ia 4500 | ||
|---|---|---|---|
| 999 |
_c45941 _d45941 |
||
| 005 | 20240530104247.0 | ||
| 008 | 140319s9999 xx 000 0 ara d | ||
| 017 | _bمصر. دار الكتب | ||
| 040 |
_aGCL / _cGCL |
||
| 082 | 0 | 4 |
_a301.09 _bم ت _221 |
| 100 | 1 | _aمحمود عودة | |
| 245 | 1 | 0 |
_aتاريخ علم الاجتماع : _bالجزء الاول مرحلة الرواد / _cمحمود عودة |
| 260 |
_aبيروت : _bدار النهضة العربية، |
||
| 300 | _a301 ص | ||
| 650 | 0 | 4 |
_aالاجتماع، علم - تاريخ _2qrmak |
| 651 | _2qrmak | ||
| 942 |
_2ddc _cBK |
||